000 00493nam a2200181Ia 4500
005 20250508150755.0
008 008 250505s9999 xx 000 0 hin d
037 _aTextual
040 _aFEDL
_beng
_cFEDL
041 _ahin
_2eng
084 _a920, DIK
_qFEDL
100 _aDikxit Jagdish Narayan
_9757603
245 0 _aBharat ki amar aatmayain
260 _aPatna, India
_bMaas Litracy Committee
300 _a132p.
942 _cTEXL
_h920, DIK
999 _c1325586
_d1325586